LEADER 01036nam a2200241 u 4500 001 000000068923 003 CaOOAMICUS 005 20070226121842.0 008 020325s1875 fr u000 u fre u 035 $a10925005 040 $aPUL(R)$bita 100 1 $aVerdier, Gabriel.$0(OLS)http://pul/name/45827 245 10$aIsabelle-la-catholique et unité espagnole /$cpar Gabriel Verdier .. 260 $aMende :$bImp. tip. de C. Privat,$c1875. 300 $a162 p. ;$c22 cm 504 $aBibliografia in nota. 600 04$aIsabel$bI,$cla Católica, regina di Spagna,$d1451-1504.$0(OLS)http://pul/subject/24653 650 4$aSpagna$xStoria$ySec. XV-XVI.$0(OLS)http://pul/subject/24654 850 $aPUL 852 $aPUL$W1$xDP1 Antico 800$y27$m123 A 28$j89075$nBK-PRI$b $qStampati Antico$B89075$CPULBib$Z2$F89075 $H $81 941 1 $a15 996 $6245$aIsabelle-la-catholique et unité espagnole$9(OLS)http://pul/title/91082 996 $6260$aMende :$bImp. tip. de C. Privat$9(OLS)http://pul/publisher/72376 LEADER 01583nam a2200313 a 4500 001 000000134897 003 CaOOAMICUS 005 20130712120856.0 008 130712s2013 vc u000 u ita r 040 $aPUL$bita 082 04$a234 110 2 $aPapi (2013-2025 : Franciscus).$0(OLS)http://pul/name/86910 240 10$aLumen fidei.$lItaliano.$0(OLS)http://pul/title/170612 245 10$aLettera enciclica Lumen fidei del Sommo Pontefice Francesco ai vescovi ai presbiteri e ai diaconi alle persone consacrate e a tutti i fedeli laici sulla fede . 260 $aCittŕ del Vaticano :$bLibreria editrice vaticana,$c©2013. 300 $a83 p. ;$c23 cm 500 $aIn testa al front.: L'Osservatore romano. 500 $aAllegato all'edizione odierna [de L'Osservatore romano]. 610 24$aPapi (2013-2025 : Franciscus)$tLumen fidei.$0(OLS)http://pul/subject/39747 650 4$aEncicliche.$0(OLS)http://pul/subject/969 850 $aPUL 852 $aPUL$W1$xSL Religione 3$y85$m234 FRANC 1$j155255$qDDC 21$B154793$CPULBib$Z2$F154793 $H122729 $82 900 $aFranciscus PP.,$d1936-2025$986910 900 $aFranciscus PP.,$d1936-2025$986910 941 1 $a9 996 $6082$a234$9(OLS)http://pul/classification/573 996 $6245$aLettera enciclica Lumen fidei del Sommo Pontefice Francesco ai vescovi ai presbiteri e ai diaconi alle persone consacrate e a tutti i fedeli laici sulla fede $9(OLS)http://pul/title/170613 996 $6260$aCittŕ del Vaticano :$bLibreria editrice vaticana$9(OLS)http://pul/publisher/47920